000 00569cab a2200193 4500
001 ABS40166
008 090401t1988 xxu||||| |||| 00| 0 eng d
035 _a(Sirsi) u21859
041 _aeng
100 _aHazell, T.
245 _aSell it now and pay for it later
260 _c1988
350 _a0
490 _aProperty Director
_v(11) Winter 1988, 46-48(2)
520 _aExplains the theory and practice of sale and leaseback as a method of realising capital tied up in property.
690 _aPROPERTY LAW AND PRACTICE
942 _n0
948 _c04/03/1997
999 _c14647
_d14647